When Two Streams Met: Lessons from India's Freedom Struggle/ (Record no. 177238)

MARC details
000 -LEADER
fixed length control field 00717nam a22002177a 4500
005 - DATE AND TIME OF LATEST TRANSACTION
control field 20210215171347.0
010 ## - LCCN (DPL NO)
LC control number ENG-128982
020 ## - INTERNATIONAL STANDARD BOOK NUMBER
Terms of availability 299.00
International Standard Book Number 978-93-86473-93-6
035 ## - SYSTEM CONTROL NUMBER
System control number EN-112514
037 ## - SOURCE OF ACQUISITION
Source of stock number/acquisition DBAD/PUB
082 ## - DEWEY DECIMAL CLASSIFICATION NUMBER
Classification number 920
245 ## - TITLE STATEMENT
Title When Two Streams Met: Lessons from India's Freedom Struggle/
Statement of responsibility, etc Bharat Dogra, et. al.
260 ## - PUBLICATION, DISTRIBUTION, ETC. (IMPRINT)
Place of publication, distribution, etc New Delhi
Name of publisher, distributor, etc Vitasta Publishing Pvt. Ltd.
Date of publication, distribution, etc 2020
270 ## - ADDRESS
City New Delhi
Address 2/15, Ansari Roaad, Daryaganj
Postal code 110002
Electronic mail address info@vitastapublishing.com
300 ## - PHYSICAL DESCRIPTION
Extent 134p.
Dimensions 21cm(pbk)
Other physical details Including Illustrations.
700 ## - ADDED ENTRY--PERSONAL NAME
Personal name Dogra, Bharat
700 ## - ADDED ENTRY--PERSONAL NAME
Personal name Bharti, Reshma
700 ## - ADDED ENTRY--PERSONAL NAME
Personal name Singh, Jagmohan
700 ## - ADDED ENTRY--PERSONAL NAME
Personal name Dogra, Madhu
942 ## - ADDED ENTRY ELEMENTS (KOHA)
Source of classification or shelving scheme Dewey Decimal Classification
Item type English Books
Classification part 920
Call number suffix WHE
Holdings
Withdrawn status Lost status Not for loan Collection code Home library Current library Date acquired Source of acquisition Cost, normal purchase price Full call number Barcode Copy number Cost, replacement price Koha item type
      Non-fiction Ashok Vihar Ashok Vihar 15/02/2021 DBAD/PUB 299.00 920 WHE EN-112514 1 299.00 English Books

© Delhi Public Library
Hit Counter
free hit counter